| 000 | 00758nam a2200253Ia 4500 | ||
|---|---|---|---|
| 008 | 191130s2010##################000#0#eng## | ||
| 020 | _a9780470487624 | ||
| 022 | _a2009937279 | ||
| 040 |
_aACL _cACL |
||
| 082 | _a302.23 DUN | ||
| 245 |
_aFacebook marketing for dummies _cPaul Dunay, Richard Krueger ; [edited by] Laura |
||
| 250 | _a1st ed | ||
| 260 |
_aHoboken, NJ _bWiley Pub _cc2010 |
||
| 300 | _axvi, 294 p. : ill. ; 22 ck | ||
| 500 | _aIncludes index | ||
| 650 | _aDigital media | ||
| 650 | _aDigital media -- Government policy | ||
| 650 | _aDigital media -- Social aspects | ||
| 650 | _aSOCIAL SCIENCE -- Media Studies | ||
| 700 | _aDunay, Paul | ||
| 990 | _aaac73391ac10000c7e45ca58375adb45 | ||
| 991 | _a220880 | ||
| 999 |
_c180838 _d180838 |
||